export_success — 

The Lives of Machines : The Industrial Imaginary in Victorian Literature and Culture.

Expanded views of the connection between humans and machines in the Victorian era.

Bibliographic Details
Main Author: Ketabgian, Tamara S.
Format: eBook
Language:English
Published: Ann Arbor : University of Michigan Press, 2011.
Subjects:
Online Access:Click to View
LEADER 01547nam a22003613i 4500
001 EBC7188100
003 MiAaPQ
005 20231204023228.0
006 m o d |
007 cr cnu||||||||
008 231204s2011 xx o ||||0 eng d
020 |a 9780472900350  |q (electronic bk.) 
020 |z 9780472071401 
035 |a (MiAaPQ)EBC7188100 
035 |a (Au-PeEL)EBL7188100 
040 |a MiAaPQ  |b eng  |e rda  |e pn  |c MiAaPQ  |d MiAaPQ 
050 4 |a PR468 
082 0 |a 820.9/356 
100 1 |a Ketabgian, Tamara S. 
245 1 4 |a The Lives of Machines :  |b The Industrial Imaginary in Victorian Literature and Culture. 
264 1 |a Ann Arbor :  |b University of Michigan Press,  |c 2011. 
264 4 |c Ã2011. 
300 |a 1 online resource (343 pages) 
336 |a text  |b txt  |2 rdacontent 
337 |a computer  |b c  |2 rdamedia 
338 |a online resource  |b cr  |2 rdacarrier 
520 |a Expanded views of the connection between humans and machines in the Victorian era. 
588 |a Description based on publisher supplied metadata and other sources. 
590 |a Electronic reproduction. Ann Arbor, Michigan : ProQuest Ebook Central, 2023. Available via World Wide Web. Access may be limited to ProQuest Ebook Central affiliated libraries.  
655 4 |a Electronic books. 
776 0 8 |i Print version:  |a Ketabgian, Tamara S.  |t The Lives of Machines  |d Ann Arbor : University of Michigan Press,c2011  |z 9780472071401 
797 2 |a ProQuest (Firm) 
856 4 0 |u https://ebookcentral.proquest.com/lib/matrademy/detail.action?docID=7188100  |z Click to View